BSOP header

God here and now / (Record no. 28080)

MARC details
000 -LEADER
fixed length control field 00739nam a2200193 4500
008 - FIXED-LENGTH DATA ELEMENTS--GENERAL INFORMATION
fixed length control field 061130r20031964enk b 001 0 eng
020 ## - INTERNATIONAL STANDARD BOOK NUMBER
International Standard Book Number 0415304474 :USD11.63
090 ## - LOCALLY ASSIGNED LC-TYPE CALL NUMBER (OCLC); LOCAL CALL NUMBER (OCLC)
Classification number (OCLC) (R) ; Classification number, CALL (RLIN) (NR) BT80
Local cutter number (OCLC) ; Book number/undivided call number, CALL (RLIN) B28g
100 1# - MAIN ENTRY--PERSONAL NAME
Personal name Barth, Karl,
Dates associated with a name 1886-1968.
240 10 - UNIFORM TITLE
Uniform title Speeches.
Language of a work English.
Form subheading Selections
245 10 - TITLE STATEMENT
Title God here and now /
Statement of responsibility, etc Karl Barth ; translated by Paul M. van Buren ; with a new introduction by George Hunsinger.
260 ## - PUBLICATION, DISTRIBUTION, ETC. (IMPRINT)
Place of publication, distribution, etc London ;
-- New York :
Name of publisher, distributor, etc Routledge,
Date of publication, distribution, etc 2003.
300 ## - PHYSICAL DESCRIPTION
Extent xxiv, 139 p. ;
Dimensions 20 cm.
490 1# - SERIES STATEMENT
Series statement Routledge classics
500 ## - GENERAL NOTE
General note Originally published: 1964.
504 ## - BIBLIOGRAPHY, ETC. NOTE
Bibliography, etc Includes bibliographical references and index.
650 #4 - SUBJECT ADDED ENTRY--TOPICAL TERM
Topical term or geographic name as entry element Theology, Doctrinal.
951 ## - EQUIVALENCE OR CROSS-REFERENCE-GEOGRAPHIC NAME/AREA NAME [OBSOLETE] [CAN/MARC only]
General subdivision 00033924
951 ## - EQUIVALENCE OR CROSS-REFERENCE-GEOGRAPHIC NAME/AREA NAME [OBSOLETE] [CAN/MARC only]
-- 29988
-- BT80/B28g
-- 070613111619500
-- 2000-12-21
-- GC
Holdings
Withdrawn status Lost status Damaged status Not for loan Home library Current library Shelving location Date acquired Accession number Shelving control number Total Checkouts Full call number Barcode Date last seen Price effective from Koha item type
        BSOP Library BSOP Library GC 12/21/2000 29988 127   BT80/B28g 00033924 02/23/2013 02/23/2013 Books
BSOP

Biblical Seminary of the Philippines
  All rights Reserved
  © 2024

CONTACT INFORMATION

Biblical Seminary of the Philippines,
  77-B Karuhatan Road, Valenzuela City,
  PHILIPPINES 1441
  Phone: +632 8292-6795 / 8292-6798
  Fax : +632 8292-6675
  Email: library@bsop.edu.ph